000 00355nam a2200097Ia 4500
082 _a320|BUSC
245 0 _aTransforming the frontier : peace parks and the politics of neoliberal conservation in southern Africa
100 _a Büscher, Bram, , 1977- Cape Town, South Africa, 2013
_959623
942 _cBK
008 210817s9999 xx 000 0 und d
999 _c187414
_d187411